2015 NFL Draft 1st Round - Statistics

General Stats
  • This quiz has been taken 224 times
  • The average score is 10 of 32
Answer Stats
Hint Answer % Correct
TB Jameis Winston
96%
TEN Marcus Mariota
88%
OAK Amari Cooper
57%
NYJ Leonard Williams
47%
CHI Kevin White
46%
JAX Dante Fowler Jr.
43%
STL Todd Gurley
41%
DAL Byron Jones
36%
WAS Brandon Scherff
35%
ATL Vic Beasley
35%
NYG Ereck Flowers
34%
HOU Kevin Johnson
34%
SD Melvin Gordon
32%
NE Malcom Brown
28%
MIN Trae Waynes
26%
CLE Danny Shelton
25%
MIA DeVante Parker
25%
KC Marcus Peters
25%
DEN Shane Ray
25%
NO Andrus Peat
23%
SF Arik Armstead
23%
BAL Breshad Perriman
22%
PIT Bud Dupree
22%
PHI Nelson Agholor
21%
IND Phillip Dorsett
20%
CAR Shaq Thompson
19%
CLE Cameron Erving
16%
GB Damarious Randall
15%
DET Laken Tomlinson
15%
ARI D.J. Humphries
12%
NO Stephone Anthony
12%
CIN Cedric Ogbuehi
11%
No matching quizzes found
Score Distribution
Percent of People with Each Score
Percentile by Number Answered
Your Score History
You have not taken this quiz